Microeconomic theory : (Record no. 42695)
[ view plain ]
| 000 -LEADER | |
|---|---|
| fixed length control field | 00869nam a2200265 a 4500 |
| 001 - CONTROL NUMBER | |
| control field | 42695 |
| 003 - CONTROL NUMBER IDENTIFIER | |
| rucl marc code | BD-RjUL |
| 005 - DATE AND TIME OF LATEST TRANSACTION | |
| control field | 20211209053557.0 |
| 008 - FIXED-LENGTH DATA ELEMENTS--GENERAL INFORMATION | |
| fixed length control field | 160830s1998 txua b 001 0 eng |
| 020 ## - INTERNATIONAL STANDARD BOOK NUMBER | |
| International Standard Book Number | 0030244749 |
| 035 ## - SYSTEM CONTROL NUMBER | |
| System control number | (BD-RjUL)42813 |
| 040 ## - CATALOGING SOURCE | |
| Original cataloging agency | DLC |
| Transcribing agency | DLC |
| Modifying agency | DLC |
| -- | BD-RjUL |
| Language of cataloging | eng |
| 041 ## - LANGUAGE CODE | |
| Language code of text/sound track or separate title | eng |
| 082 00 - DEWEY DECIMAL CLASSIFICATION NUMBER | |
| Classification number | 338.5 |
| Edition number | 23 |
| Author mark and year | NIM 1998 |
| 100 1# - MAIN ENTRY--PERSONAL NAME | |
| Personal name | Nicholson, Walter |
| 9 (RLIN) | 131233 |
| 245 10 - TITLE STATEMENT | |
| Title | Microeconomic theory : |
| Remainder of title | basic principles and extensions / |
| Statement of responsibility, etc. | Walter Nicholson |
| 250 ## - EDITION STATEMENT | |
| Edition statement | 7th ed. |
| 260 ## - PUBLICATION, DISTRIBUTION, ETC. (IMPRINT) | |
| Place of publication, distribution, etc. | Fort Worth : |
| Name of publisher, distributor, etc. | Dryden Press, |
| Date of publication, distribution, etc. | c1998. |
| 300 ## - PHYSICAL DESCRIPTION | |
| Pagination | xxiii, 821 p. : |
| Illustrations | ill. ; |
| Size | 25 cm. |
| 504 ## - BIBLIOGRAPHY, ETC. NOTE | |
| Bibliography, etc | Includes bibliographical references and indexes. |
| 650 #0 - SUBJECT ADDED ENTRY--TOPICAL TERM | |
| Topical term or geographic name as entry element | Microeconomics. |
| 9 (RLIN) | 116901 |
| 856 7# - ELECTRONIC LOCATION AND ACCESS | |
| Materials specified | Table of contents |
| Uniform Resource Identifier | <a href="http://lcweb.loc.gov/catdir/toc/97-67941.html">http://lcweb.loc.gov/catdir/toc/97-67941.html</a> |
| Access method | http |
| 942 ## - ADDED ENTRY ELEMENTS (KOHA) | |
| Source of classification or shelving scheme | Dewey Decimal Classification |
| Koha item type | Books |
| Lost status | Source of classification or shelving scheme | Damaged status | Not for loan | Collection code | Permanent Location | Current Location | Shelving location | Date acquired | Source of acquisition | Cost, normal purchase price | Total Checkouts | Full call number | Date last seen | Copy number | Koha item type |
|---|---|---|---|---|---|---|---|---|---|---|---|---|---|---|---|
| Dewey Decimal Classification | Non-fiction | Central Library, University of Rajshahi | Central Library, University of Rajshahi | 15/03/2006 | Dhaka : Paragon Enterprise | 130.95 | 338.5 NIM 1998 | 15/06/2016 | C-2 | Books | |||||
| Dewey Decimal Classification | Non-fiction | Central Library, University of Rajshahi | Central Library, University of Rajshahi | 04/10/2005 | Paragon Enterprizes, Dhaka | 118.00 | 338.5 NIM 1998 | 30/08/2016 | C-3 | Books |